Statistics for Major and Minor Greek Gods

Click here to take the quiz!

General Stats

  • This quiz has been taken 799 times
    (788 since last reset)
  • The average score is 17 of 22

Answer Stats

Hint Answer % Correct
King of the GodsZeus
99%
God of the DeadHades
98%
Queen of the GodsHera
98%
Goddess of Beauty and LoveAphrodite
96%
God of WarAres
96%
God of the SeasPoseidon
96%
Goddess of WisdomAthena
94%
Goddess of the HuntArtemis
93%
God of WineDionysus
87%
God of ThievesHermes
86%
Goddess of the HearthHestia
81%
God of the WildPan
79%
God of FireHephaestus
76%
Goddess of the RainbowIris
76%
Goddess of the SpringPersephone
73%
Goddess of FertilityDemeter
72%
God of the PlagueApollo
65%
Goddess of MagicHecate
63%
God of DeathThanatos
55%
Goddess of YouthHebe
38%
God of SleepMorpheus
37%
Goddess of BalanceNemesis
30%

Score Distribution

Percentile by Number Answered

Percent of People with Each Score

Your Score History

You have not taken this quiz since the last reset